| 000 | 00722nam a22002057a 4500 | ||
|---|---|---|---|
| 005 | 20260213142010.0 | ||
| 008 | 260213b ||||| |||| 00| 0 eng d | ||
| 040 | _c SSBUL | ||
| 082 |
_223 _a294.3438 Pe _b27632 S-KP |
||
| 100 | 1 |
_aPerera, G. Ariyapala, Dr. _966272 |
|
| 245 | 1 | 0 |
_aBuddhist Paritta Chanting Ritual : _bA Compurative study of the Buddhist Benedictory Ritual / _cDr. G. Ariyapala Perera. |
| 260 |
_aDehiwela : _bBuddhist Cultural Centre, _c2000. |
||
| 300 |
_axiii, 239 pages ; _c21 cm. |
||
| 500 | _aBibliography. | ||
| 500 | _aS-KP: Khamindra Phorn | ||
| 504 | _aincludes bibliographical references. | ||
| 650 | 0 |
_aBuddhist chants _zSri Lanka _913606 |
|
| 650 | 0 |
_aBuddhism _zSriLanka |
|
| 942 |
_2ddc _cBK1 |
||
| 999 |
_c47583 _d47583 |
||